000 00845nam a2200289 a 4500
999 _c5574
_d5574
001 5574
003 BD-JhCC
005 20171218164101.0
008 171218s1955 maua 001 0 eng d
035 _a(BD-JhCC)5574
035 _a(OCoLC)19919133
040 _aBD-JhCC
_cIaFairM
_dBD-JhCC
041 _aeng
050 0 0 _aQA154
_b.S73
082 _a512
_bSPI 1958
100 1 _aSpitzbart, Abraham.
245 1 0 _aCollege algebra and plane trigonometry /
_cby Abraham Spitzbart and Ross H. Bardell.
260 _aReading, Mass. :
_bAddison-Wesley,
_cc1955.
300 _axiii, 408 p. :
_bill. ;
_c22 cm.
440 0 _aAddison-Wesley mathematics series
500 _aIncludes index.
650 0 _aAlgebra.
650 0 _aPlane trigonometry.
700 1 _aBardell, Ross Harvey,
_d1903-
942 _2ddc
_cBK